-
Hay, Frank C and West wood, Oluyn MR
Entry Personal Name
Number of records used in: 1
001 - CONTROL NUMBER
003 - CONTROL NUMBER IDENTIFIER
005 - DATE AND TIME OF LATEST TRANSACTION
- control field:
20160627111940.0
008 - FIXED-LENGTH DATA ELEMENTS
- fixed length control field:
160627|| aca||aabn | a|a d
040 ## - CATALOGING SOURCE
- Original cataloging agency:
OSt
- Transcribing agency:
OSt
100 ## - HEADING--PERSONAL NAME
- Personal name:
Hay, Frank C and West wood, Oluyn MR
670 ## - SOURCE DATA FOUND
- Source citation:
Work cat.: (OSt): Hay, Frank C and West wood, Oluyn MR, Practical Immunology, 2003